|
|
|
|
| LEADER |
00000nam a2200000 a 4500 |
| 003 |
Ucuenca |
| 005 |
20230922220012.0 |
| 008 |
000000|1973 mx |||||r|||||||||||spa|| |
| 020 |
|
|
|a 0-07-091-531-8
|
| 040 |
|
|
|b spa
|
| 041 |
1 |
|
|a spa
|
| 082 |
0 |
|
|a 531.2
|
| 100 |
1 |
|
|a Johnston, E. Russell, Jr.
|9 64513
|
| 245 |
|
|
|a Mecánica vectorial para ingenieros: estática
|c Ferdinand P. Beer, E. Russell Johnston, traducido por José Vicente Casas Reyes
|h imp
|n tomo 1
|
| 250 |
|
|
|a 2a ed.
|
| 264 |
|
|
|a México
|b McGraw-Hill
|c 1973
|
| 300 |
|
|
|a xiv, 413 páginas:
|b dia
|c 24 cm
|
| 504 |
|
|
|a incl. ref.
|
| 505 |
1 |
|
|a Estática de partículas, cuerpos rígidos, sistemas equivalentes de fuerzas, equilibrios de cuerpos rígidos, fuerzas distribuidas, centroides y centros de gravedad, análisis de estructuras, fuerzas en las vigas y cables,, momentos de inercia y método de trabajo virtual
|
| 650 |
|
0 |
|a Mecánica vectorial
|9 35050
|
| 650 |
|
0 |
|a Estática
|9 14409
|
| 650 |
|
0 |
|a Mecanica de solidos
|9 51551
|
| 650 |
|
0 |
|a Mecánica
|9 12473
|
| 700 |
1 |
|
|a Beer, Ferdinand P.
|q (Ferdinand Pierre),
|d 1915-2003
|9 111782
|
| 852 |
|
|
|a UC-CDJBV
|
| 942 |
|
|
|c BK
|z jenny.perez@ucuenca.edu.ec
|0 19
|2 ddc
|
| 999 |
|
|
|c 152633
|d 152633
|